| 000 | 00504nam a2200181 a 4500 | ||
|---|---|---|---|
| 005 | 20240614063728.0 | ||
| 008 | 991125s1970 ea 000 0 eng u | ||
| 035 | _aUPN01000005593 | ||
| 049 | _aCG | ||
| 050 | 4 |
_aPE1119 _bB4.8 |
|
| 245 | 0 | 0 | _aBetter than gold. |
| 260 |
_aLondon : _bCollier-MacMillan, _cc1970. |
||
| 300 |
_a144 p. : _bil. col. |
||
| 440 | 2 | _aA discovery book to accompany | |
| 500 | _a"Teacher's edition" | ||
| 650 | 4 |
_aInglés _vLibros de texto para extranjeros _99168 |
|
| 905 | _aLibro | ||
| 999 |
_c5593 _d5593 |
||